000 00714nam a2200229Ii 4500
003 JO-AjNU
008 230605s9999||||xx |||||||||||||| ||und||
017 _a1994/3663
020 _a977-02-4487-2
040 _aJO-AjNU
_bara
_erda
_cJO-AjNU
041 _aara
050 1 4 _aGV551.B4712 1994
100 3 _aتاليف بريس، هانز؛ ترجمة الشربيني، أيمن,
_eauthor
_99365
245 0 0 _aالعاب علمية
250 _aط3
264 3 1 _aالقاهرة: دار المعارف، 1994
300 _a239ص
_bصور توضيحية
336 _atext
_btxt
_2rdacontent
337 _aunmediated
_bn
_2rdamedia
338 _avolume
_bnc
_2rdacarrier
650 4 _aالعاب علمية
_99366
999 _aA1262
_c4830
_d4830